| 000 | 00650cam a2200217 4500 | ||
|---|---|---|---|
| 008 | 090401t1994 xxu||||| |||| 00| 0 eng d | ||
| 020 | _a0947877894 | ||
| 035 | _a(Sirsi) u70902 | ||
| 041 | _aeng | ||
| 050 | _a347.4107 | ||
| 100 | _aTimpson, John | ||
| 245 | 4 | _aThe architect in dispute resolution. | |
| 260 |
_aLondon _bRIBA Publications _c1994 |
||
| 300 | _a93p. ; 21cm. | ||
| 350 | _a10.95 | ||
| 650 | _aALTERNATIVE DISPUTE RESOLUTION | ||
| 650 | _aALTERNATIVE DISPUTE RESOLUTION | ||
| 690 | _aMANAGEMENT-DISPUTE AVOIDANCE, MANAGEMENT AND RESOLUTION-DISPUTE MANAGEMENT AND RESOLUTION-ARBITRATION | ||
| 942 | _n0 | ||
| 948 | _c04/03/1997 | ||
| 999 |
_c95358 _d95358 |
||